000 00434nam a22001577a 4500
008 151002b xxu||||| |||| 00| 0 eng d
020 _a0697121453
041 0 _aeng
080 _a530.1
100 1 _aNolan, Peter J.
245 1 0 _aFundamentals of college physics /
_cPeter J. Nolan.
260 _aDubuque, Iowa :
_bWm. C. Brown Publishers,
_c1993.
300 _axvii, 1069 f. :
_bme il.;
_c29 cm.
650 0 _aFizik
942 _2udc
_cBK
999 _c1223
_d1223